LEADER 01045nam a2200229 i 4500 001 000000160191 003 CaOOAMICUS 005 20070314000000.0 008 070314n it u000 u ita u 013 $a137554 040 $aSeMil$bita 100 1 $aGervasoni, Adriano.$0(OLS)http://semarc/name/41967 245 13$aIl Duomo di Fidenza :$buna perla del Romanico : guida per il visitatore /$c[testi di Adriano Gervasoni]. 260 $a[S.l. :$bs.n.],$c[19-?]$e(Castelsangiovanni (PC) :$fTipografia Emiliana,$g[19-?]) 300 $a72 p. :$bill. ;$c19 cm. 500 $aIl complemento al titolo precede il titolo. 650 4$aFidenza - Chiese - Cattedrale di San Donnino (Duomo).$0(OLS)http://semarc/subject/7368 850 $aSeMil 852 $aSeMil$W1$xVenegono$y1$m5D V 14/7$j111667$B111667$CSeMilBibl$Z2$F121639 $81 961 $aRecupero: Altro 996 $6245$aIl Duomo di Fidenza :$buna perla del Romanico : guida per il visitatore$9(OLS)http://semarc/title/142651 996 $6260$a[S.l. :$bs.n.]$9(OLS)http://semarc/publisher/29751 LEADER 00991nam a2200253 i 4500 001 000000074073 003 CaOOAMICUS 005 20070720000000.0 008 070720s1947 it u000 u ita u 013 $a45245 040 $aSeMil$bita 100 1 $aCamus, Albert,$d<1913-1960>.$0(OLS)http://semarc/name/4358 240 13$aLe mythe de Sisyphe.$0(OLS)http://semarc/title/120168 245 13$aIl mito di Sisifo /$cAlbert Camus ; prefazione di Corrado Rosso. 260 $aMilano :$bBompiani,$ccopyr. 1947. 300 $aXXII, 137 p. ;$c21 cm. 490 0 $aNuovo Portico ;$v12 700 1 $aRosso, Corrado.$0(OLS)http://semarc/name/16623 830 0$aNuovo portico ;$v12.$0(OLS)http://semarc/title/18040 850 $aSeMil 852 $aSeMil$W1$xVenegono$y1$m1W III 187$j246066$B40225$CSeMilBibl$Z2$F40229 $81 961 $aOmaggio: Donazione 996 $6245$aIl mito di Sisifo$9(OLS)http://semarc/title/120167 996 $6260$aMilano :$bBompiani$9(OLS)http://semarc/publisher/29706